| 000 | 00898cac a22002411u 4500 | ||
|---|---|---|---|
| 090 | _c3165 | ||
| 008 | 081030t1979 xxu||||| |||| 00| 0 eng d | ||
| 010 | _a 79018069 | ||
| 020 | _a0810451247 | ||
| 082 | 0 | 0 |
_a001.6424 _bL4989 |
| 100 | _aLedgard, Henry F., | ||
| 245 | 1 | 0 |
_aPASCAL with style : _bprogramming proverbs / _cHenry F. Ledgard, John F. Hueras and Paul A. Nagin. |
| 260 |
_aRochelle Park, N.J. : _bHayden Book Co., _cc1979. |
||
| 300 |
_a210 p. : _bill. ; _c23 cm. |
||
| 490 | 0 | _aHayden computer programming series | |
| 500 | _aIncludes index. | ||
| 504 | _aBibliography: p. 205-206. | ||
| 650 | 0 | _aPascal (Computer program language) | |
| 700 | 1 | _aHueras, John F., | |
| 700 | 1 | _aNagin, Paul A., | |
| 942 |
_cBB _k001.6424L4989 _2ddc |
||
| 999 |
_c3165 _d3165 |
||